01223nam a2200241Ia 4500001001100000003001000011008004100021040002500062041001200087100002100099245008800120250001100208260008900219300002800308500014400336501011400480520014400594650002600738942000700764957000600771999004200777952016200819L871-38095IT-CnALBA170116s9999||||xx |||||||||||||| ||und|| aIT-CnALBAcIT-CnALBA aLATINO  aOVIDIO P. NASONE 0aP. OVIDI NASONIS. AMORES. MEDICAMINA FACIEI FEMINAE. ARS AMATORIA. REMEDIA AMORIS.  a1a ed. a ONOXIIbCLARENDONIANUS TYPOGRAPHEUS c1961 [1° Ed.:1961 - Ed.Ling.Originale: 1961] a260 p. (prefazione: 12) aNOTE CRITICHE DI KENNEY E.J. APPENDICE CRITICA. INDICE ONOMASTICO. AMORI. TRUCCHI DEL VOLTO DELLA DONNA. ARTE AMATORIA. RIMEDI DELL'AMORE.  aSocietà San Paolo EM - Piazza San Paolo, 14 - 12051 ALBA (CN) (non commercial uses only) ® Copyright 2017 aNOTE CRITICHE DI KENNEY E.J. APPENDICE CRITICA. INDICE ONOMASTICO. AMORI. TRUCCHI DEL VOLTO DELLA DONNA. ARTE AMATORIA. RIMEDI DELL'AMORE.  aPROSE E POESIA LATINA cBK 71 a42867bNOg Copie: 1 c296902d296902 0010406L_8713809571aALBAbALBAd2017-01-16l0oL871-38095r2017-01-16 00:00:00w2017-01-16yBKz(data import: 16 gennaio 2017) - By Epidotti, Vaglietti.